000 00436nam a22001817a 4500
003 MPLRDC
005 20220104174810.0
008 210129b ||||| |||| 00| 0 eng d
020 _a0-19-582083-5
082 _a524.954 CHIN 1984
100 _aKOK KOUN CHIN
245 _aSEJARAH MALAYSIA STPM
_c
250 _a第三版
260 _a
_bPENERBIT FAJAR BAKTI
_c1984
300 _b
650 _a
942 _cBK
_o524.954 CHIN 1984
999 _c60039
_d60029